| 000 | 00903nam a2200205 u 4500 | ||
|---|---|---|---|
| 001 | 000871574 | ||
| 003 | AM-YEHGA | ||
| 005 | 20250617160341.0 | ||
| 008 | 120301s1941 ru r 000 0 rus d | ||
| 040 | _aAM-YeHGA | ||
| 041 | 0 | _arus | |
| 245 | 0 | 0 |
_aОпределитель сортов плодово-ягодных культур : _bПособие для агрономов, апрбаторов, колхозников-садоводов и бригадиров / _cМоск. обл. опыт. плодово-ягод. ст. |
| 260 |
_aМ. : _bМосковский рабочий, _c1941. |
||
| 300 |
_a291 с. : _bрис. |
||
| 440 | 0 | _v21 см | |
| 650 | 1 | 4 | _aПлодоводство, ягодоводство и лесоводство |
| 710 | 2 | _aМосковская областная опытная плодово-ягодная станция | |
| 942 |
_2udc _cBK |
||
| 090 | _c454425 | ||
| 999 |
_c451486 _d451486 |
||